000 00652nam a2200217Ia 4500
003 OSt
005 20260102145522.0
008 220923b |||||||| |||| 00| 0 eng d
037 _cGeneral Book
040 _aRTL
_cRTL
_beng
041 _2eng
_aeng
084 _aX:8M , L6
_qRTL
100 _aJain S P
_9138517
245 0 _aOffice management
260 _aJullundur
_bDhanpat Rai India
_c1976
300 _aii , 211 p.
_ccm.
_bIncludes bibliographical references and index
650 _aOffice Management
_9861472
700 _a Chhabra T N
_eCo-Author
_9861473
942 _hX:8M , L6
_cGB
_2CC
_n0
999 _c557293
_d557293